គោលការណ៍សំរាប់ការវាយតម្លៃផលប៉ះពាល់បរិស្ថានដំបូងៗនៃការធ្វើអាជីវកម្មឈើ (Record no. 9916)
[ view plain ]
| 000 -LEADER | |
|---|---|
| fixed length control field | 00428nam a22001217a 4500 |
| 040 ## - CATALOGING SOURCE | |
| Transcribing agency | SY |
| 082 ## - DEWEY DECIMAL CLASSIFICATION NUMBER | |
| Classification number | 658 |
| 100 ## - MAIN ENTRY--AUTHOR NAME | |
| Personal name | លិ វុឌ្ឍី |
| 245 ## - TITLE STATEMENT | |
| Title | គោលការណ៍សំរាប់ការវាយតម្លៃផលប៉ះពាល់បរិស្ថានដំបូងៗនៃការធ្វើអាជីវកម្មឈើ |
| 260 ## - PUBLICATION, DISTRIBUTION, ETC. (IMPRINT) | |
| Place of publication | RUA |
| Name of publisher | លិ |
| Year of publication | NA |
| 300 ## - PHYSICAL DESCRIPTION | |
| Number of Pages | 29p. |
| 942 ## - ADDED ENTRY ELEMENTS (KOHA) | |
| Koha item type | សៀវភៅភាសាខ្មែរ |
| 952 ## - LOCATION AND ITEM INFORMATION (KOHA) | |
| Withdrawn status [LOCAL, KOHA] | 0 |
| Permanent Location | Date acquired | Koha item type | Lost status | Shelving location | Barcode | Current Location | Full call number |
|---|---|---|---|---|---|---|---|
| Library Block C | 2016-09-15 | សៀវភៅភាសាខ្មែរ | C241 | RUA047730 | Library Block C | 658 លិ NA C241 |